La Modificación del contrato administrativo de obra : el ius variandi / Concepción Horgué Baena ; prólogo de Alfonso Pérez Moreno el ius variandi / Concepción Horgué Baena ; prólogo de Alfonso Pérez Moreno
ISBN:
84-7248-437-8
Descripción Física:
227 p ; 24 cm
Colección:
Monografías jurídicas
Otros Autores:
Pérez Moreno, Alfonso, pr
Materias:
Contractes -- Espanya
MARC
| LEADER | 00000nam a2200000Ia 4500 | ||
|---|---|---|---|
| 001 | 13253 | ||
| 008 | 160829s1997 xx 000 0 cat d | ||
| 020 | |a 84-7248-437-8 | ||
| 080 | |a M-3-427 | ||
| 100 | |a Horgué Baena, Concepción |9 26248 | ||
| 245 | |a La Modificación del contrato administrativo de obra : |b el ius variandi / Concepción Horgué Baena ; prólogo de Alfonso Pérez Moreno | ||
| 260 | |a Madrid : |b Marcial Pons, |c 1997 | ||
| 300 | |a 227 p ; |c 24 cm | ||
| 490 | |a Monografías jurídicas | ||
| 650 | |a Contractes |x Espanya |9 32110 | ||
| 700 | |a Pérez Moreno, Alfonso, pr. |9 26250 | ||
| 901 | |a Arxiu | ||
| 942 | |n 1 | ||
| 952 | |0 0 |1 0 |4 0 |6 M3427 |7 1 |9 43932 |a Arxiu |b Arxiu |d 2016-12-01 |l 0 |o M-3-427 |p 13253 |r 2016-12-01 00:00:00 |w 2016-12-01 |y ARXIU | ||
| 999 | |c 46512 |d 46512 | ||